MDQL
is popping MORE tags! Check the
thread
!
Quizzes
Events
Quiz Creation
Community
Videos
Private Events
Remove Ads
Sign In
Join for FREE
Feedback
Dark Mode
Quiz Categories
Sports
Geography
Music
Movies
Television
Just For Fun
Miscellaneous
History
Literature
Language
Science
Gaming
Entertainment
Religion
Holiday
For Kids
Quiz Lab
Recent
Popular Today
Quiz Kudos Today
Editor Picks
Curator Picks
Quizzes by...
Day
Popularity
Type
Ratings
Length
Year
Community
Subscriptions
Recent Discussions
Orange Saloon
Badges
Playlists
Quests
Create
Leaderboards
Showdown
Live 5
Trivia Bingo
Activity
Puzzle Library
Sporcle Events
Private Events
Virtual Trivia
Globe League
Become a Host
Pub Owners
SporcleCon
Opinionation
Our Games
Videos
Blog
Mobile Apps
Partnerships
Remove Ads and Go Orange
Feedback
Geography
Country
Landmarks
City
State
Population
World
Capital
Continent
Flags
Europe
Africa
Asia
South America
North America
Oceania
Border
Canada
United Kingdom
Topography
United States
Geography
Country
Landmarks
City
State
Population
World
Capital
Continent
Flags
Europe
Africa
Asia
South America
North America
Oceania
Border
Canada
United Kingdom
Topography
United States
Random Quiz
Search Sporcle
×
Quiz Lab
Quiz Lab
Geography
World
Type in answers that appear in a list
Type in answers that appear in a list
Classic
Best Score? Go Orange.
Round the World Stats
Can you name the countries on the coast starting in Belgium going clockwise?
By
kierano
20m
111 Questions
163 Plays
163 Plays
163 Plays
Comments
Comments
Give Quiz Kudos
Give Quiz Kudos
-
- Ratings
hide this ad
More Info
Forced Order
Answers have to be entered in order
Answers have to be entered in order
Replay
Link that replays current quiz
Next Quiz
Link to next quiz in quiz playlist
You Got
0%
They Got
Avg Score
69%
Avg Friend Score
Upgrade to see
Score Distribution
Jump to the score distribution portion of the page
Score
0/111
Timer
20:00
0
Plays Today
Country
% Correct
Belgium
100%
Belgium
98.8%
The Netherlands
93.8%
Germany
90.7%
Denmark
89.5%
Germany
81.5%
Poland
81.5%
Russia
79.6%
Lithuania
79%
Latvia
79%
Estonia
79%
Russia
79%
Finland
77.8%
Sweden
77.8%
Norway
77.8%
Russia
77.2%
North Korea
77.2%
South Korea
77.2%
North Korea
75.3%
China
74.1%
Vietnam
72.8%
Thailand
71.6%
Cambodia
71%
Malaysia
71%
Thailand
70.4%
Myanmar
70.4%
Bangladesh
70.4%
India
70.4%
Pakistan
70.4%
Iran
69.8%
Iraq
69.8%
Kuwait
69.8%
Saudi Arabia
69.8%
Saudi Arabia
69.1%
United Arab Emirates
69.1%
Oman
69.1%
Qatar
68.5%
Country
% Correct
United Arab Emirates
67.9%
Oman
67.9%
Yemen
67.9%
Saudi Arabia
67.9%
Jordan
67.9%
Israel
67.9%
Egypt
67.9%
Sudan
67.3%
Eritrea
67.3%
Somalia
67.3%
Tanzania
67.3%
Mozambique
67.3%
South Africa
67.3%
Namibia
67.3%
Angola
67.3%
Nigeria
67.3%
Togo
67.3%
Côte d’Ivoire
67.3%
Senegal
67.3%
Russia
67.1%
Ukraine
67.1%
Romania
67.1%
Spain
67.1%
Djibouti
66.7%
Kenya
66.7%
Democratic Republic of the Congo
66.7%
Cameroon
66.7%
Benin
66.7%
Ghana
66.7%
Liberia
66.7%
Sierra Leone
66.7%
The Gambia
66.7%
Senegal
66.7%
Spain
66.7%
Morocco
66.7%
Spain
66.7%
Portugal
66.7%
Country
% Correct
Spain
66.7%
France
66.7%
Georgia
66.4%
Bulgaria
66.4%
Turkey
66.4%
Morocco
66.4%
Angola
66%
The Republic of the Congo
66%
Guinea
66%
Guinea Bissau
66%
Morocco
66%
Algeria
66%
Tunisia
66%
Libya
66%
Egypt
66%
Israel
66%
Syria
66%
Turkey
66%
Italy
66%
Palestine
65.8%
Gabon
65.4%
Equatorial Guinea
65.4%
Mauritania
65.4%
Western Sahara
65.4%
Lebanon
65.4%
Greece
65.4%
Albania
65.4%
Montenegro
65.4%
Croatia
65.4%
Croatia
65.4%
Slovenia
65.4%
France
65.4%
Monaco
65.4%
France
65.4%
Spain
65.4%
Bosnia and Herzegovina
64.8%
UK
63.6%
Quiz Playlist
Details
Report
Send in Message
Add To Playlist
More Info:
Name the countries on the coast starting in Belgium and going clockwise until you get back to Belgium.
Classic:
Type in answers that appear in a list
Forced Order:
Answers have to be entered in order
Last Updated: Feb 16, 2017
Quiz Scoreboard
CHALLENGE
Sign Up to Join the Scoreboard
Show All
Scores
Hide
Comments
May contain spoilers
Recently Published
5x2 Blitz: Bands
by SL_Kpop136
Music
30s
Colored Red Africa Blitz
by spor1
Geography
30s
Find the 'City' Movie
by crazypaving
Movies
60s
More to Explore
Quiz From the Vault
Featured Blog Post
14 Easter Pick-up Lines to Find Eggs With
hide this ad
You Might Also Like...
Tags
Africa Quiz
Asia Quiz
Continent Quiz
Country Quiz
Europe Quiz
World Quiz
earth
National Geography
Planet Earth
Seven Continents
Today's Top Quizzes in Geography
Browse Geography
hide this ad
Today's Top Quizzes in World
Browse World
Top Contributed Quizzes in Geography
1
Countries of the World - No Outlines Minefield
2
Colored Red Europe Blitz I
3
Colored Red Africa Blitz II
4
Colored Red Europe Blitz II
5
Colored Red Europe Blitz III
6
Colored Red Africa Blitz III
7
Colored Red States Blitz I
8
Colored Red States Blitz II
9
Colored Red States Blitz III
10
Blind Secret Country CLXXXIX
Explore More
Trending Topics
Anime
Kpop
Crossword
Marvel
NBA
Harry Potter
Disney
Country
Pokémon
Puzzle
Song
WWE
The Office
Soccer
NFL
hide this ad
More By:
kierano
Quiz
Plays
Rating
Category
Featured
Created
Birds of Prey and Owls in the UK
534
5.00
Just For Fun
Jun 29, 2015
UK and Ireland: Top 100 Golf Courses
514
5.00
Sports
Jul 3, 2015
Lake District mountains
497
5.00
Geography
Jul 1, 2015
Countries: Largest and the Smallest
377
3.33
Geography
Jul 3, 2015
World's top 100 golf courses
319
3.00
Sports
Jul 1, 2015
Go to Creator's Profile
Score Distribution
Quiz Creator Spotlight
kierano
Follow
Send a Message
Quizzes Created
-
Created Quiz Play Count
-
More By This Creator
Popular Quizzes Today
1
Find the 'City' Movie
2
Colored Red Africa Blitz
3
Find the US States - No Outlines Minefield
4
5x2 Blitz: Bands
5
The Countries of the World
6
Find the US States
7
US States
8
9x9 Crossword: Cartoon Network
More Geography Quizzes
Parishes of Jamaica
Published
Trending Quizzes
Colored Red Europe Blitz I
Colored Red Africa Blitz II
Colored Red Europe Blitz II
Colored Red Africa Blitz III
Colored Red Europe Blitz III
Recently Updated
Famous TV Couples
Peacemaker
Champions League XIs: Real Madrid
pecheneg
Largest US Cities 1790-2010
pecheneg
Rides in Walt Disney World
pecheneg
Most Oscar Losses (Acting)
pecheneg
Beyoncé Albums
pecheneg
Leaping Animals
pecheneg
Reality TV Shows (A-Z)
bhenderson79
Rickey Henderson's Hall of Fame Teammates
pecheneg
Champions League XIs: Arsenal
pecheneg
Trending Topics
Kpop
Crossword
Disney
Anime
Marvel
Harry Potter
NBA
Country
The Office
Pokémon
NFL
Puzzle
WWE
Song
Soccer
Your Account Isn't Verified!
In order to create a playlist on Sporcle, you need to verify the email address you used during registration. Go to your
Sporcle Settings
to finish the process.
Report this User
Report this user for behavior that violates our
Community Guidelines
.
Details:
Send Report
Go to the Sporcle.com Mobile Site →
Comments